| 000 | 01300camaa2200325 i 4500 | ||
|---|---|---|---|
| 999 |
_c200452453 _d70665 |
||
| 001 | 200452453 | ||
| 003 | TR-AnTOB | ||
| 005 | 20230309142111.0 | ||
| 007 | ta | ||
| 008 | 010412s1971 tu d l000 0 tur d | ||
| 035 | _a(TR-AnTOB)200452453 | ||
| 040 |
_aBGZ _beng _erda _cBGZ _dTR-AnTOB |
||
| 041 | 0 | _atur | |
| 050 | 1 | 4 |
_aTK9145 _b.N85 1971 |
| 090 |
_aTK9145 _b.N85 1971 |
||
| 245 | 0 | 0 |
_aNükleer enerji : _bÖzel İhtisas Komisyonu raporu. |
| 246 | 3 | 0 | _aÜçüncü Beş Yıllık Kalkınma Planı Özel İhtisas Komisyonu raporu : Nükleer enerji |
| 264 | 1 |
_aAnkara : _bDevlet Planlama Teşkilatı, _c1971. |
|
| 300 |
_a111 pages : _btables ; _c27 cm |
||
| 336 |
_atext _btxt _2rdacontent |
||
| 337 |
_aunmediated _bn _2rdamedia |
||
| 338 |
_avolume _bnc _2rdacarrier |
||
| 490 | 0 |
_aÜçüncü Beş Yıllık Kalkınma Planı Özel İhtisas Komisyonu Raporları ; _vyayın no DPT 1151 - ÖİK 138 |
|
| 650 | 7 |
_aNükleer enerji _zTürkiye _2etuturkob _955897 |
|
| 710 | 2 |
_aDevlet Planlama Teşkilatı (Türkiye). _bÖzel İhtisas Komisyonu _937704 |
|
| 856 | 4 | 1 |
_3Online access link to the resource _uhttps://www.sbb.gov.tr/wp-content/uploads/2022/08/Nukleer-Enerji-Ozel-Ihtisas-Komisyonu-raporu.pdf |
| 942 |
_2z _cBK |
||